000 00405nam a2200157Ia 4500
008 220216s9999 xx 000 0 und d
100 _aLinnenbrink M
245 0 _aHigh-tenacity bonding with new natural rubber adhesives
260 _bAdhasion Kleben & Dichten
_c2000
300 _a32-35
500 _aSource Year: 2000
650 _aAdhesives
650 _aBonding
856 _uRAPRA
942 _cJS
999 _c60438
_d60438